Дело о службе режиссера и актёра французской труппы Карла Мальвинь и пожаловании ему пенсии

Доступно только в Электронных читальных залах Найти на картеНа карте
RUSMARC
00004191nmc2a22000003x 450
00132fb65b3-f3aa-4d6b-af3b-7465d07d4706
00520181128185037.0
100##$a20170111l18251856k l0rusy0189 ca
1010#$arus
$afre
102##$aRU
2001#$aДело о службе режиссера и актёра французской труппы Карла Мальвинь и пожаловании ему пенсии
$j27 сентября 1825 г. - 14 ноября 1856 г.
251##$cДело
300##$aНа русском и французском языках
300##$aОриг. заголовок дела: Дело об увольнении актёра французской труппы Шарля Мальвинь вовсе от службы Театральной дирекции с пожалованием ему пенсии. 27 сентября 1825 г. - 14 ноября 1856 г
801#0$aRU
$bРГИА
$c20170111
$gRCR
801#1$aRU
$bГлавНИВЦ
$c20170111
$2rusmarc
801#2$aRU
$bПБ им. Б.Н. Ельцина
$c20181128
$gRCR
$2rusmarc
850##$aРГИА
852##$aРГИА
$eФедеральное казенное учреждение "Российский государственный исторический архив" (РГИА)
$j2761
937##$hРГИА
$d12238492
$aASBIBLIO_SCAN
462#0$1001dd3991dc-24e1-42ec-8838-ca4255420416
$12001
$a1746-1850 гг.
$1251
$cОпись
$1852
$j1
461#0$10019264ebf8-de62-4f1a-9eb4-9f22098dbbd5
$12001
$aДирекция императорских театров МИДв
$1251
$cФонд
$1852
$j497
215##$a62 л.
$d36,5х26 см
371##$aДокумент не является опубликованным и широко распространяемым
105##$ay###
1222#$ad
5171#$aДело об увольнении актёра французской труппы Шарля Мальвинь вовсе от службы Театральной дирекции с пожалованием ему пенсии. 27 сентября 1825 г. - 14 ноября 1856 г
035##$a32fb65b3-f3aa-4d6b-af3b-7465d07d4706
856##$uhttp://readingroom.main.prlib.ru/item.aspx?id_node=n121096311&mode=full
Формат отображения